| 000 | 02635cam a22002778i 4500 | ||
|---|---|---|---|
| 999 |
_c26641 _d26641 |
||
| 008 | 200514s2020 ii b 001 0 eng | ||
| 020 |
_a9780815357124 _cGBP 96.00 |
||
| 041 | 0 | _aeng | |
| 082 | 0 | 0 |
_223 _a532 _bA5451 |
| 245 | 1 | 0 |
_aComputational fluid mechanics and heat transfer / _cDale A. Anderson ... [et al.] |
| 250 | _a4th ed. | ||
| 260 |
_aBoca Raton, _bCRC press, _c2021. |
||
| 300 |
_axxviii, 946 p. : _bill., _c27 cm |
||
| 490 | 0 | _aComputational and physical processes in mechanics and thermal sciences | |
| 504 | _aIncludes bibliographical references and index. | ||
| 505 | 0 | _aPart I: Fundamentals. 1. Introduction. 2. Partial Differential Equations. 3. Basics of Discretization Methods. 4. Application of Numerical Methods to Selected Model Equations. Part II: Application of Numerical Methods to the Equations of Fluid Mechanics and Heat Transfer. 5. Governing Equations of Fluid Mechanics and Heat Transfer. 6. Numerical Methods for Inviscid Flow Equations. 7. Numerical Methods for Boundary-Layer-Type Equations. 8. Numerical Methods for the "Parabolized" Navier–Stokes Equations. 9. Numerical Methods for the Navier–Stokes Equations. 10. Grid Generation. | |
| 520 | _aComputational Fluid Mechanics and Heat Transfer, Fourth Edition is a fully updated version of the classic text on finite-difference and finite-volume computational methods. Divided into two parts, the text covers essential concepts in the first part, and then moves on to fluids equations in the second. Designed as a valuable resource for practitioners and students, new examples and homework problems have been added to further enhance the student’s understanding of the fundamentals and applications. Provides a thoroughly updated presentation of CFD and computational heat transfer Covers more material than other texts, organized for classroom instruction and self-study Presents a wide range of computation strategies for fluid flow and heat transfer Includes new sections on finite element methods, computational heat transfer, and multiphase flows Features a full Solutions Manual and Figure Slides for classroom projection Written as an introductory text for advanced undergraduates and first-year graduate students, the new edition provides the background necessary for solving complex problems in fluid mechanics and heat transfer. | ||
| 650 | 0 | _aFluid mechanics. | |
| 650 | 0 |
_aHeat _xTransmission. |
|
| 700 |
_aAnderson, Dale A. _95538 |
||
| 700 |
_aTannehill, John C. _95539 |
||
| 700 | 1 |
_aPletcher, Richard H., _eauthor. |
|
| 700 |
_aMunipalli, Ramakanth _95540 |
||
| 700 |
_aShankar, Vijaya _95541 |
||
| 942 | _cBK | ||